Les pays contenant entre 20 % et 30 % de catholiques - Statistiques

Statistiques générales
  • Ce quiz a été pris 12 fois
  • Le résultat moyen est 6 sur 15
Statistiques - réponses
Hint Réponse % Correct
24,6 % Pays-Bas
70%
29,5 % Cameroun
60%
27,0 % Bénin
50%
25,8 % Australie
40%
28,7 % Nouvelle-Zélande
40%
29,0 % République centrafricaine
40%
28,0 % Togo
40%
22,0 % Kenya
30%
25,0 % Lettonie
30%
29,0 % Malawi
30%
28,5 % Mozambique
30%
26,5 % Tanzanie
30%
22,8 % Île Maurice
20%
20,2 % Madagascar
20%
21,5 % Trinité-et-Tobago
20%
Aucun quiz correspondant
Distribution des résultats
% des personnes avec chaque résultat
Percentile par nombre de réponses
Votre historique - résultats
Vous n’avez pas pris ce quiz